000 00920pam a2200277 a 4500
999 _c1773
_d1773
001 2198340
003 OSt
005 20230127100728.0
008 020607s2003 vraa b 000 1 eng d
020 _a9780143300335
_qpaperback
035 _a2198340
040 _aANL
_beng
_dANL
_dKH8
_cSTD
042 _aanuc
082 0 4 _a823.4 LAG
_221
100 1 _aLaguna, Sofie,
_d1968-
_eauthor
245 1 0 _aBad Buster /
_cSofie Laguna ; illustrated by Leigh Hobbs.
260 _aCamberwell, Vic. :
_bPenguin Books,
_c2003.
300 _a56 p. :
_bill. ;
_c20 cm.
490 1 _aAussie nibbles
520 _aNobody was better at being bad than Buster Reed. But when he's very, very good, he becomes a hero and finds a special friend as well. Ages 8+.
521 _aFor children aged 6-8 years.
650 0 _aDogs
_vJuvenile fiction.
700 1 _aHobbs, Leigh.
_eillustrator
830 0 _aAussie nibbles.
942 _2ddc
_cNFIC